000 00313nam a2200133Ia 4500
100 _aRabaey/ Chandrakasan
942 _cBK
654 _aintegrated
245 _aDigital integrated circuits
260 _bPrentice Hall of India
_aNew Delhi
_c2003
082 _a621.3815
_bRAB
300 _a761
546 _aENGLISH
999 _c31833
_d31833